01187cam a2200337 a 4500952015500000999001700155001000900172003000400181005001700185008004100202010001700243020001800260020001400278025002700292035002700319037006300346040000900409042001000418043001200428082002200440100002400462245008700486260004100573300001000614504005100624520002600675650002600701700002700727906004500754942005000799 00102ddc40708SOCIAL SCIENCEaMESbMEScSOCIAL SCIENCEd2019-02-20g600.00l0o307.140954 SEN/Hp36481r2019-02-20 00:00:00w2019-02-20yBKzGL41R5 c11209d1120916095413OSt20191220143411.0100123s2010 ii a b 001 0 eng  a 2010316476 a9788180696831 z818696839 aI-E-2010-316476; 79-90 a(IN-NdUBS) 2010316476 bLibrary of Congress -- New Delhi Overseas OfficecRs600.00 coclc alcode aa-ii--- a307.140954bSEN/H 9621aSengupta, Keya00aHuman development :bMulti Dimensional Approach to Human Well-being /cKeya Sengup aNew Delhi :bConcept Pub. Co,c2010. a214 p aIncludes bibliographical references and index. aContributed articles. 0aHuman capitalzIndia.1 aSengupta, Keya,d1957- a7bcbccorigoded3encipf20gy-gencatlg 2ddccBKh307.140954iSEN/Hk307.140954mSEN/H